Biblioteka Instytutu Północnego w Olsztynie

Widok standardowy Widok MARC

Pozycja Corporate Name

Liczba rekordów, w których użyto hasła: 3

001 - Numer kontrolny

  • control field: 39366

003 - Identyfikator numeru kontrolnego

  • control field: NUKAT

005 - Data i czas ostatniej modyfikacji

  • control field: 20260331231221.0

008 - Dane kontrolne kodowane (40 znaków)

  • fixed length control field: 121024n||a|znnaabn |a ana |c

010 ## - Numer kontrolny Biblioteki Kongresu

  • numer kontrolny LC: n 2012132090

024 7# - OTHER STANDARD IDENTIFIER

  • Standard number or code: 296719318
  • Source of number or code: viaf

040 ## - Instytucja sporządzająca rekord

  • inst. przygot. dane do rek. khw: WA U/SSsynat
  • język haseł przedmiotowych/tezaurus: kaba
  • inst. wprow. rek. khw: WA U/SSsynat
  • inst. modyf. rek. khw: KIEL 010/ZK
  • inst. modyf. rek. khw: WR O/KP
  • inst. modyf. rek. khw: KIEL 010/ES

043 ## - Kod obszaru geograficznego

  • ISO code: PL

046 ## - Special dates

  • Start period: 1955

110 2# - Hasło - nazwa ciała zbiorowego

  • nazwa ciała zbior. lub geogr. na pocz.: Wydawnictwo Pedagogiczne ZNP.

368 ## - Other Attributes

  • Corp type: Wydawcy.

370 ## - Associated place

  • Country: Polska.

370 ## - Associated place

  • Residence/HQ: Kielce (Polska).

377 ## - Assoc lang

  • Lang code: pol

410 2# - Trop zob. - nazwa ciała zbiorowego

  • nazwa ciała zbior. lub geogr. na pocz.: Wydawnictwo ZNP.

410 2# - Trop zob. - nazwa ciała zbiorowego

  • nazwa ciała zbior. lub geogr. na pocz.: Wydawnictwo Pedagogiczne Związku Nauczycielstwa Polskiego.

410 2# - Trop zob. - nazwa ciała zbiorowego

  • nazwa ciała zbior. lub geogr. na pocz.: Wydawnictwo Pedagogiczne ZNP Spółka z oo.

410 2# - Trop zob. - nazwa ciała zbiorowego

  • nazwa ciała zbior. lub geogr. na pocz.: Wydawnictwo Pedagogiczne.

410 2# - Trop zob. - nazwa ciała zbiorowego

  • nazwa ciała zbior. lub geogr. na pocz.: WP.

410 2# - Trop zob. - nazwa ciała zbiorowego

  • nazwa ciała zbior. lub geogr. na pocz.: Wydawnictwo Pedagogiczne w Kielcach.

665 ## - Nota historyczna

  • nota historyczna: Wydawnictwo Pedagogiczne ZNP działa od 1955.

670 ## - Źródło informacji

  • źródło informacji: ISBN BN online
  • gdzie znaleziono informację: (WYDAWNICTWO PEDAGOGICZNE Związku Nauczycielstwa Polskiego, spółka z o.o.)

670 ## - Źródło informacji

  • źródło informacji: Strona Wydawnictwo Pedagogiczne ZNP, 24.10.12
  • gdzie znaleziono informację: (Wydawnictwo Pedagogiczne ZNP Spółka z o.o.)
  • adres internetowy: http://www.wydped.com.pl/o_firmie.php

670 ## - Źródło informacji

  • źródło informacji: Rytm - muzyka - taniec w wychowaniu fizycznym / wybór i oprac. Krystyna Nowakowska. - Kielce, 1991
  • gdzie znaleziono informację: (Wydawnictwo Pedagogiczne Związku Nauczycielstwa Polskiego)

670 ## - Źródło informacji

  • źródło informacji: Analiza słowotwórcza / Marek Ruszkowski. - Kielce, 2003
  • gdzie znaleziono informację: (Wydawnictwo Pedagogiczne ZNP)

670 ## - Źródło informacji

  • źródło informacji: Sprawdziany i konkursy polonistyczne : opracowanie zbiorowe / pod red. Elżbiety Doroszkiewicz i Haliny Tetelewskiej-Iwańskiej. - Kielce, 1992.
  • gdzie znaleziono informację: (Wydawnictwo Pedagogiczne)

670 ## - Źródło informacji

  • źródło informacji: Warsztaty dziennikarskie w szkole / Jakub Padewski. - Kielce, cop. 2022
  • gdzie znaleziono informację: S. tyt.: (WP)

670 ## - Źródło informacji

  • źródło informacji: Kp. Z moich doświadczeń w pracy wychowawczej z dziećmi klas młodszych / Janina Skupin // Nauczanie Początkowe : materiały metodyczne dla nauczycieli ; Rok szkolny 1986/87, numer 6, rocznik X.
  • gdzie znaleziono informację: (Wydawnictwo Pedagogiczne w Kielcach.
Biblioteka Instytutu Północnego, ul. Partyzantów 87, 10-402 Olsztyn, email: biblioteka(at)ip.olsztyn.pl